00411 2200169 4500245004400000020002300044250001100067100002000078700001500098650002300113005001900136260003300155041001400188084000900202300002100211336000900232 aAwe-Inspiring UscDewi Nur AisyahhText a1978-602-51563-3-5 aCet. 2 aDewi Nur Aisyah aIlona Alle aRumah Tangga Islam a20240910101617 aJakartabPenerbit Ikonc2019 aIndonesia aNONE a370 hlm. :c19cm atext